All Bournemouth Premier League Players Ever - Statistics

General Stats
  • This quiz has been taken 23 times
  • The average score is 89 of 163
Answer Stats
% Correct
2018/19 England Dominic Solanke 10
94%
2019/20 England Dominic Solanke 32
94%
2022/23 England Dominic Solanke 33
94%
2016/17 Netherlands Nathan Ake 10
94%
2017/18 Netherlands Nathan Ake 38
94%
2018/19 Netherlands Nathan Ake 38
94%
2019/20 Netherlands Nathan Ake 29
94%
2019/20 Denmark Philip Billing 34
94%
2022/23 Denmark Philip Billing 36
94%
2017/18 Bosnia & Herzegovina Asmir Begovic 38
88%
2018/19 Bosnia & Herzegovina Asmir Begovic 24
88%
2019/20 Wales Harry Wilson 31
88%
2018/19 Colombia Jefferson Lerma 30
88%
2019/20 Colombia Jefferson Lerma 33
88%
2022/23 Colombia Jefferson Lerma 37
88%
2015/16 Norway Joshua King 31
88%
2016/17 Norway Joshua King 36
88%
2017/18 Norway Joshua King 33
88%
2018/19 Norway Joshua King 35
88%
2019/20 Norway Joshua King 26
88%
2015/16 England Adam Smith 31
81%
2016/17 England Adam Smith 36
81%
2017/18 England Adam Smith 27
81%
2018/19 England Adam Smith 25
81%
2019/20 England Adam Smith 24
81%
2022/23 England Adam Smith 37
81%
2015/16 Poland Artur Boruc 32
81%
2016/17 Poland Artur Boruc 35
81%
2018/19 Poland Artur Boruc 12
81%
2016/17 Australia Brad Smith 5
81%
2015/16 England Callum Wilson 13
81%
2016/17 England Callum Wilson 20
81%
2017/18 England Callum Wilson 28
81%
2018/19 England Callum Wilson 30
81%
2019/20 England Callum Wilson 35
81%
2016/17 England Lewis Cook 6
81%
2017/18 England Lewis Cook 29
81%
2018/19 England Lewis Cook 13
81%
2019/20 England Lewis Cook 27
81%
2022/23 England Lewis Cook 28
81%
2022/23 Brazil Norberto Neto 27
81%
2016/17 Scotland Ryan Fraser 28
81%
2017/18 Scotland Ryan Fraser 26
81%
2018/19 Scotland Ryan Fraser 38
81%
2019/20 Scotland Ryan Fraser 28
81%
2015/16 England Steve Cook 36
81%
2016/17 England Steve Cook 38
81%
2017/18 England Steve Cook 34
81%
2018/19 England Steve Cook 31
81%
2019/20 England Steve Cook 29
81%
2022/23 Argentina Marcos Senesi 31
75%
2018/19 Ireland Mark Travers 2
75%
2019/20 Ireland Mark Travers 1
75%
2022/23 Ireland Mark Travers 12
75%
2022/23 Scotland Ryan Christie 32
75%
2022/23 Ghana Antoine Semenyo 11
69%
2018/19 Wales David Brooks 30
69%
2019/20 Wales David Brooks 9
69%
2022/23 Wales David Brooks 6
69%
2015/16 Scotland Matt Ritchie 37
69%
2019/20 England Aaron Ramsdale 37
63%
2018/19 Wales Chris Mepham 13
63%
2019/20 Wales Chris Mepham 12
63%
2022/23 Wales Chris Mepham 26
63%
2022/23 Ukraine Illia Zabarnyi 5
63%
2022/23 Burkina Faso Dango Ouattara 19
56%
2022/23 Zimbabwe Jordan Zemura 19
56%
2016/17 England Jordon Ibe 25
56%
2017/18 England Jordon Ibe 32
56%
2018/19 England Jordon Ibe 19
56%
2019/20 England Jordon Ibe 2
56%
2015/16 England Junior Stanislas 21
56%
2016/17 England Junior Stanislas 21
56%
2017/18 England Junior Stanislas 19
56%
2018/19 England Junior Stanislas 23
56%
2019/20 England Junior Stanislas 15
56%
2022/23 England Junior Stanislas 4
56%
2022/23 Wales Kieffer Moore 27
56%
2022/23 England Marcus Tavernier 23
56%
2015/16 England Simon Francis 38
56%
2016/17 England Simon Francis 34
56%
2017/18 England Simon Francis 32
56%
2018/19 England Simon Francis 17
56%
2019/20 England Simon Francis 15
56%
2015/16 England Charlie Daniels 37
50%
2016/17 England Charlie Daniels 34
50%
2017/18 England Charlie Daniels 35
50%
2018/19 England Charlie Daniels 21
50%
2019/20 England Charlie Daniels 2
50%
2022/23 Denmark Emiliano Marcondes 1
50%
2015/16 Ireland Harry Arter 21
50%
2016/17 Ireland Harry Arter 35
50%
2017/18 Ireland Harry Arter 13
50%
2015/16 England Dan Gosling 34
44%
2016/17 England Dan Gosling 27
44%
2017/18 England Dan Gosling 28
44%
2018/19 England Dan Gosling 25
44%
2019/20 England Dan Gosling 24
44%
2018/19 Spain Diego Rico 12
44%
2019/20 Spain Diego Rico 27
44%
2022/23 Cote D'Ivoire Hamed Traore 7
44%
2019/20 England Lloyd Kelly 8
44%
2022/23 England Lloyd Kelly 23
44%
2022/23 Uruguay Matias Vina 12
44%
2015/16 Cote D'Ivoire Max Gradel 14
44%
2016/17 Cote D'Ivoire Max Gradel 11
44%
2019/20 Netherlands Arnaut Danjuma 14
38%
2015/16 DR Congo Benik Afobe 15
38%
2016/17 DR Congo Benik Afobe 31
38%
2017/18 DR Congo Benik Afobe 17
38%
2022/23 England Jaidon Anthony 30
38%
2022/23 Jamaica Jamal Lowe 2
38%
2017/18 England Jermain Defoe 24
38%
2018/19 England Jermain Defoe 4
38%
2015/16 England Tommy Elphick 12
38%
2015/16 England Tyrone Mings 1
38%
2016/17 England Tyrone Mings 7
38%
2017/18 England Tyrone Mings 4
38%
2018/19 England Tyrone Mings 5
38%
2015/16 England Andrew Surman 38
31%
2016/17 England Andrew Surman 22
31%
2017/18 England Andrew Surman 25
31%
2018/19 England Andrew Surman 18
31%
2019/20 England Andrew Surman 5
31%
2017/18 United States Emerson Hyndman 1
31%
2018/19 United States Emerson Hyndman 1
31%
2016/17 England Jack Wilshere 27
31%
2015/16 Paraguay Juan Iturbe 2
31%
2016/17 France Lys Mousset 11
31%
2017/18 France Lys Mousset 23
31%
2018/19 France Lys Mousset 24
31%
2015/16 England Marc Pugh 26
31%
2016/17 England Marc Pugh 21
31%
2017/18 England Marc Pugh 20
31%
2022/23 England Ryan Fredericks 12
31%
2015/16 South Africa Tokelo Rantie 3
31%
2022/23 England Ben Pearson 7
25%
2015/16 Ireland Eunan O'Kane 16
25%
2015/16 England Glenn Murray 19
25%
2019/20 England Jack Stacey 19
25%
2022/23 England Jack Stacey 10
25%
2022/23 England Jack Stephens 15
25%
2022/23 England Joe Rothwell 20
25%
2022/23 Wales Owen Bevan 1
25%
2018/19 England Sam Surridge 2
25%
2019/20 England Sam Surridge 4
25%
2022/23 Scotland Siriki Dembele 6
25%
2015/16 Australia Adam Federici 6
19%
2016/17 Australia Adam Federici 2
19%
2017/18 England Jack Simpson 1
19%
2018/19 England Jack Simpson 6
19%
2019/20 England Jack Simpson 4
19%
2015/16 England Lee Tomlin 6
19%
2018/19 England Nathaniel Clyne 14
19%
2015/16 England Ryan Allsop 1
19%
2016/17 England Ryan Allsop 1
19%
2015/16 Wales Shaun MacDonald 3
19%
2015/16 France Sylvain Distin 12
19%
2015/16 France Yann Kermorgant 7
19%
2016/17 England Baily Cargill 1
13%
2016/17 England Matthew Worthington 1
13%
2015/16 England Lewis Grabban 15
6%
2016/17 England Lewis Grabban 3
6%
No matching quizzes found
Score Distribution
Percent of People with Each Score
Percentile by Number Answered
Your Score History
You have not taken this quiz